Music Quiz

Random Music or Lyrics Quiz

'Pride (In the Name of Love)' Lyrics by U2 Quiz Stats

Quiz Updated Feb 23, 2013

Challenge
Share
Tweet
Embed
Score 0/162 Timer 06:00
0 Plays Today
% Correct
the
99.2%
the
99.2%
the
99.2%
the
99.2%
the
99.2%
the
99.2%
the
99.2%
the
99.2%
the
99.2%
the
99.2%
the
99.2%
the
99.2%
the
99.2%
the
99.2%
the
99.2%
the
99.2%
the
99.2%
in
98.9%
In
98.9%
in
98.9%
In
98.9%
in
98.9%
In
98.9%
in
98.9%
In
98.9%
in
98.9%
in
98.9%
In
98.9%
in
98.9%
In
98.9%
in
98.9%
In
98.9%
in
98.9%
In
98.9%
love
98.9%
love
98.9%
love
98.9%
love
98.9%
love
98.9%
love
98.9%
love
98.9%
love
98.9%
love
98.9%
love
98.9%
love
98.9%
love
98.9%
love
98.9%
love
98.9%
love
98.9%
love
98.9%
of
98.5%
of
98.5%
of
98.5%
of
98.5%
% Correct
of
98.5%
of
98.5%
of
98.5%
of
98.5%
of
98.5%
of
98.5%
of
98.5%
of
98.5%
of
98.5%
of
98.5%
of
98.5%
of
98.5%
name
98.5%
name
98.5%
name
98.5%
name
98.5%
name
98.5%
name
98.5%
name
98.5%
name
98.5%
name
98.5%
name
98.5%
name
98.5%
name
98.5%
name
98.5%
name
98.5%
name
98.5%
name
98.5%
a
89.3%
a
89.3%
on
88.2%
on
88.2%
One
85.3%
One
85.3%
One
85.3%
One
85.3%
One
85.3%
One
85.3%
One
85.3%
One
85.3%
man
79.3%
man
79.3%
man
79.3%
man
79.3%
man
79.3%
man
79.3%
man
79.3%
man
79.3%
to
76.4%
to
76.4%
an
75.3%
more
74.7%
more
74.7%
more
74.7%
% Correct
more
74.7%
more
74.7%
more
74.7%
more
74.7%
pride
73.7%
and
73.5%
come
73.4%
come
73.4%
come
73.4%
he
71.4%
he
71.4%
go
69.7%
your
56.8%
your
56.8%
they
56.8%
They
56.8%
not
56.3%
take
55.2%
sky
54.5%
out
54.4%
fence
54.1%
wire
53.3%
What
53.3%
What
53.3%
What
53.3%
What
53.3%
What
53.3%
What
53.3%
What
53.3%
could
52.9%
barbed
52.9%
at
52.2%
Shot
52%
Memphis
51.7%
justify
50.5%
April
49.6%
resist
49.4%
life
49.2%
with
48.8%
rings
48.1%
four
47.5%
Free
47%
kiss
46.8%
overthrow
46.7%
last,
46.3%
empty
45.8%
morning,
45.4%
took
44.6%
Early
42.7%
beach
41.3%
betrayed
35.8%
up
31.3%
washed
28.7%
caught
26.7%

You're not logged in!

Compare scores with friends on all Sporcle quizzes.
Sign Up with Email
OR
Log In

You Might Also Like...

Show Comments

Extras

Top Quizzes Today


Score Distribution

Your Account Isn't Verified!

In order to create a playlist on Sporcle, you need to verify the email address you used during registration. Go to your Sporcle Settings to finish the process.